<?xml version="1.0" encoding="UTF-8"?>
<record
    xmlns:xsi="http://www.w3.org/2001/XMLSchema-instance"
    xsi:schemaLocation="http://www.loc.gov/MARC21/slim http://www.loc.gov/standards/marcxml/schema/MARC21slim.xsd"
    xmlns="http://www.loc.gov/MARC21/slim">

  <leader>00913nam a2200265 a 4500</leader>
  <controlfield tag="001">BRCA_5237</controlfield>
  <controlfield tag="005">20190320205010.0</controlfield>
  <controlfield tag="008">291110s1938----u--a######---#000-0#eng-#</controlfield>
  <datafield tag="041" ind1=" " ind2=" ">
    <subfield code="a">eng</subfield>
  </datafield>
  <datafield tag="044" ind1=" " ind2=" ">
    <subfield code="a">u</subfield>
  </datafield>
  <datafield tag="050" ind1=" " ind2="4">
    <subfield code="a">ND812</subfield>
    <subfield code="b">.S84 1938</subfield>
  </datafield>
  <datafield tag="100" ind1="1" ind2=" ">
    <subfield code="a">Stirling Maxwell, William</subfield>
    <subfield code="d">1818-1878</subfield>
    <subfield code="9">13416</subfield>
  </datafield>
  <datafield tag="245" ind1="1" ind2="0">
    <subfield code="a">Stories of the spanish artists until Goya</subfield>
    <subfield code="c">by Sir William Stirling Maxwell ; selected and arranged by Luis Carre&#xF1;o.</subfield>
  </datafield>
  <datafield tag="260" ind1=" " ind2=" ">
    <subfield code="a">Estados Unidos</subfield>
    <subfield code="b">Tudor</subfield>
    <subfield code="c">1938</subfield>
  </datafield>
  <datafield tag="300" ind1=" " ind2=" ">
    <subfield code="a">xxiv, 309 p.</subfield>
    <subfield code="b">il. (algunas a color), 30 l&#xE1;minas</subfield>
    <subfield code="c">21 cm.</subfield>
  </datafield>
  <datafield tag="500" ind1=" " ind2=" ">
    <subfield code="a">Incluye &#xED;ndice de ilustraciones, lista de obras de pintores espa&#xF1;oles e &#xED;ndice onom&#xE1;stico</subfield>
  </datafield>
  <datafield tag="500" ind1=" " ind2=" ">
    <subfield code="a">E59</subfield>
  </datafield>
  <datafield tag="650" ind1="1" ind2="4">
    <subfield code="a">Pintores espa&#xF1;oles</subfield>
    <subfield code="9">7620</subfield>
  </datafield>
  <datafield tag="650" ind1="1" ind2="4">
    <subfield code="a">Pintura</subfield>
    <subfield code="z">Espa&#xF1;a</subfield>
    <subfield code="9">2581</subfield>
  </datafield>
  <datafield tag="650" ind1="1" ind2="4">
    <subfield code="a">Pinturas espa&#xF1;olas</subfield>
    <subfield code="9">7789</subfield>
  </datafield>
  <datafield tag="650" ind1="1" ind2="4">
    <subfield code="a">Pintura</subfield>
    <subfield code="x">Historia</subfield>
    <subfield code="9">13417</subfield>
  </datafield>
  <datafield tag="700" ind1="1" ind2=" ">
    <subfield code="a">Carre&#xF1;o, Luis</subfield>
    <subfield code="9">13418</subfield>
  </datafield>
  <datafield tag="902" ind1=" " ind2=" ">
    <subfield code="a">GFM</subfield>
  </datafield>
  <datafield tag="942" ind1=" " ind2=" ">
    <subfield code="2">lcc</subfield>
    <subfield code="c">B</subfield>
  </datafield>
  <datafield tag="999" ind1=" " ind2=" ">
    <subfield code="c">4931</subfield>
    <subfield code="d">4931</subfield>
  </datafield>
  <datafield tag="952" ind1=" " ind2=" ">
    <subfield code="0">0</subfield>
    <subfield code="1">0</subfield>
    <subfield code="4">0</subfield>
    <subfield code="7">0</subfield>
    <subfield code="a">BRCA</subfield>
    <subfield code="b">BRCA</subfield>
    <subfield code="d">2010-11-29</subfield>
    <subfield code="i">E59</subfield>
    <subfield code="l">0</subfield>
    <subfield code="o">ND812 .S84 1938 (E59)</subfield>
    <subfield code="p">5672</subfield>
    <subfield code="r">2019-03-22 00:00:00</subfield>
    <subfield code="w">2019-03-22</subfield>
    <subfield code="y">B</subfield>
  </datafield>
</record>
